| 000 | 00466nam a2200181Ia 4500 | ||
|---|---|---|---|
| 008 | 230711s9999||||xx |||||||||||||| ||und|| | ||
| 020 | _a978-81-317-8920-9 | ||
| 041 | _aENG | ||
| 082 |
_a658 _bCH-S |
||
| 100 | _aChopra,Sunil | ||
| 245 | 0 | _aSupply chain management : strategy,planning,and operation | |
| 250 | _a5th . Ed. | ||
| 260 |
_c2013 _aNew Delhi _bPearson |
||
| 300 | _a554 | ||
| 650 | _aUNIVESITY BUSNIESS SCHOOL | ||
| 700 | _aMeindl,Peter | ||
| 942 | _cBK | ||
| 999 |
_c5601 _d5601 |
||